00565nam a2200193 a 450000100100000000500170001000800410002702000150006804000250008308200180010810000330012624500480015926000330020730000260024049000270026658600300029365000220032365000260034500001867320200929165834.0821229s1982 sp 000 f spa d a8423311775 aDO-SdBNPbspacBNPHU a863.64bG569c1 aGómez Ojea, Carmen,d1945-10aCantiga de agüero /cCarmen Gómez Ojea. aBarcelona :bDestino,c1982. a212, [1] p. ;c22 cm.0 aÁncora y delfinv561 aPremio Eugenio Nadal 1981 4aNovela española 4aLiteratura española